00568nam a2200157Ia 4500082001200000100002600012245010900038250002500147260004200172300001100214650004100225650003300266650002600299650003500325710005000360 aTO.0019 aOyiengo, Karen Atieno 0aological study of the status of the teaching of English language in secondary schools in Kenya and India aJamia Millia Islamia aNew DelhibJamia Millia Islamiac2002 av, 242 aEnglish languagevStudy and teaching aEnglish languagevComparison aComparative education aEducationvAims and objectives aGhulam Dastgir and Ramesh Chandra Srisvastava